| 000 | 00818nam a22002177a 4500 | ||
|---|---|---|---|
| 999 |
_c19737 _d19737 |
||
| 003 | AR-CdUCM | ||
| 008 | 190521b ||||| |||| 00| 0 spa d | ||
| 040 |
_aMUNICIPALIDAD PROVINCIAL DEL CUSCO _cBIBLIOTECA MUNICIPAL DEL CUSCO |
||
| 082 |
_a336.2 / _bN82 |
||
| 100 |
_aNoriega del Valle, Enrique _941283 |
||
| 245 |
_aEstudio concordado del impuesto a los bienes y servicios : _bEstablecido por el D. L. N° 19620 / |
||
| 260 |
_aLima : _bNoriega, _c1973. |
||
| 300 |
_a179 páginas ; _c25 cm. |
||
| 505 | _aContenido : Disposiciones generales -- Subtitucion del régimen anterior -- Actividades comprendidas -- Valor venta... | ||
| 650 |
_aEmpresas _95583 |
||
| 650 |
_aMercaderías _927732 |
||
| 650 |
_aObligación tributaria _940094 |
||
| 650 |
_aBienes capital _941284 |
||
| 942 |
_2ddc _cLIBROS |
||
| 945 | _arcc | ||